[Event "31. DSenEM2019-Gruppe-50"]
[Site "Radebeul"]
[Date "2019.05.03"]
[Round "8.1"]
[White "Stahr, Ralf-Peter"]
[Black "Nekrasov, Mihail"]
[Result "1-0"]
[BlackElo "2277"]
[BlackTeam "SV Hockenheim"]
[WhiteElo "2160"]
[WhiteTeam "Hohenleipischer SV Lok"]

1. c4 { [%clk 1:30:30]}  1... Nf6 { [%clk 1:31:15]}  2. Nc3 { [%clk 1:31:20]} 
2... e5 { [%clk 1:31:30]}  3. Nf3 { [%clk 1:31:41]}  3... Nc6 { [%clk 1:31:43]}
 4. e3 { [%clk 1:32:03]}  4... Bb4 { [%clk 1:31:45]}  5. Qc2 { [%clk 1:32:08]} 
5... Bxc3 { [%clk 1:31:58]}  6. Qxc3 { [%clk 1:32:09]}  6... Qe7 { [%clk
1:32:10]}  7. Be2 { [%clk 1:31:56]}  7... d5 { [%clk 1:31:41]}  8. d4 { [%clk
1:29:35]}  8... exd4 { [%clk 1:28:30]}  9. Nxd4 { [%clk 1:29:51]}  9... Nxd4 {
[%clk 1:28:48]}  10. Qxd4 { [%clk 1:28:55]}  10... c5 { [%clk 1:29:06]}  11.
Qf4 { [%clk 1:28:24]}  11... O-O { [%clk 1:28:29]}  12. O-O { [%clk 1:28:33]} 
12... Be6 { [%clk 1:16:33]}  13. b3 { [%clk 1:23:08]}  13... dxc4 { [%clk
1:16:33]}  14. Bxc4 { [%clk 1:23:15]}  14... Bxc4 { [%clk 1:15:32]}  15. Qxc4 {
[%clk 1:23:33]}  15... Rac8 { [%clk 1:13:02]}  16. Bb2 { [%clk 1:23:16]}  16...
Rfd8 { [%clk 1:09:35]}  17. Rad1 { [%clk 1:19:27]}  17... Rxd1 { [%clk
1:09:35]}  18. Rxd1 { [%clk 1:19:53]}  18... Rd8 { [%clk 1:09:52]}  19. Rxd8+ {
[%clk 1:14:24]}  19... Qxd8 { [%clk 1:10:20]}  20. h3 { [%clk 1:14:28]}  20...
b6 { [%clk 1:08:52]}  21. Qf4 { [%clk 1:12:09]}  21... Ne8 { [%clk 1:07:30]} 
22. Be5 { [%clk 1:05:06]}  22... b5 { [%clk 0:57:44]}  23. Qe4 { [%clk
0:58:11]}  23... Qe7 { [%clk 0:56:27]}  24. Qd5 { [%clk 0:57:57]}  24... h6 {
[%clk 0:55:26]}  25. Bb8 { [%clk 0:52:07]}  25... Nf6 { [%clk 0:46:47]}  26.
Qc6 { [%clk 0:48:26]}  26... Qd7 { [%clk 0:36:26]}  27. Qxc5 { [%clk 0:44:14]} 
27... a5 { [%clk 0:32:17]}  28. Be5 { [%clk 0:31:10]}  28... Ne4 { [%clk
0:26:11]}  29. Qc2 { [%clk 0:29:51]}  29... Qd5 { [%clk 0:25:09]}  30. Bd4 {
[%clk 0:29:00]}  30... b4 { [%clk 0:21:47]}  31. Qc8+ { [%clk 0:29:12]}  31...
Kh7 { [%clk 0:22:05]}  32. f3 { [%clk 0:26:38]}  32... Nc3 { [%clk 0:20:35]} 
33. Kf2 { [%clk 0:26:05]}  33... Nb5 { [%clk 0:16:39]}  34. Qc2+ { [%clk
0:21:06]}  34... g6 { [%clk 0:14:36]}  35. Qe4 { [%clk 0:21:01]}  35... Qd7 {
[%clk 0:12:52]}  36. Be5 { [%clk 0:17:47]}  36... Qe6 { [%clk 0:07:16]}  37.
Bd4 { [%clk 0:15:17]}  37... Qd7 { [%clk 0:05:46]}  38. Qe5 { [%clk 0:14:19]} 
38... Nxd4 { [%clk 0:06:02]}  39. exd4 { [%clk 0:14:32]}  39... Qa7 { [%clk
0:01:41]}  40. Kg3 { [%clk 0:14:03]}  40... Qa6 { [%clk 0:01:21]}  41. d5 {
[%clk 0:13:08]}  41... Qb5 { [%clk 0:27:24]}  42. Qd4 { [%clk 0:42:16]}  42...
Qd7 { [%clk 0:27:31]}  43. d6  1-0

[Event "31. DSenEM2019-Gruppe-50"]
[Site "Radebeul"]
[Date "2019.05.03"]
[Round "8.2"]
[White "Belke, Frank, Dr."]
[Black "Wenner, Tobias"]
[Result "1/2-1/2"]
[BlackElo "2108"]
[BlackTeam "Sges Bensheim"]
[WhiteElo "2283"]
[WhiteTeam "Schachclub Hietzing (Wien)"]

1. d4 { [%clk 1:30:58]}  1... Nf6 { [%clk 1:30:55]}  2. c4 { [%clk 1:31:23]} 
2... g6 { [%clk 1:31:21]}  3. Nc3 { [%clk 1:31:51]}  3... Bg7 { [%clk 1:31:44]}
 4. e4 { [%clk 1:32:19]}  4... d6 { [%clk 1:32:11]}  5. Nge2 { [%clk 1:32:46]} 
5... O-O { [%clk 1:32:14]}  6. Ng3 { [%clk 1:33:13]}  6... e5 { [%clk 1:32:24]}
 7. d5 { [%clk 1:33:38]}  7... a5 { [%clk 1:32:40]}  8. h4 { [%clk 1:34:04]} 
8... h5 { [%clk 1:32:46]}  9. Bg5 { [%clk 1:34:31]}  9... Na6 { [%clk 1:31:40]}
 10. Qd2 { [%clk 1:34:57]}  10... Qe8 { [%clk 1:16:06]}  11. O-O-O { [%clk
1:34:58]}  11... Nc5 { [%clk 1:13:04]}  12. f3 { [%clk 1:34:27]}  12... Bd7 {
[%clk 1:11:46]}  13. Be2 { [%clk 1:33:59]}  13... Nh7 { [%clk 1:11:59]}  14.
Be3 { [%clk 1:31:58]}  14... b6 { [%clk 1:12:20]}  15. Kb1 { [%clk 1:30:32]} 
15... a4 { [%clk 1:09:20]}  16. Nb5 { [%clk 1:18:50]}  16... Qd8 { [%clk
1:00:44]}  17. Bd3 { [%clk 1:05:49]}  17... Nxd3 { [%clk 0:55:21]}  18. Qxd3 {
[%clk 1:04:26]}  18... f5 { [%clk 0:54:52]}  19. exf5 { [%clk 1:01:08]}  19...
Bxf5 { [%clk 0:51:30]}  20. Nxf5 { [%clk 1:00:58]}  20... Rxf5 { [%clk
0:50:02]}  21. Rdf1 { [%clk 0:58:56]}  21... Nf6 { [%clk 0:44:25]}  22. Bg5 {
[%clk 0:50:44]}  22... Qd7 { [%clk 0:43:28]}  23. Qc2 { [%clk 0:45:54]}  23...
Nxd5 { [%clk 0:27:30]}  24. g4 { [%clk 0:43:57]}  24... hxg4 { [%clk 0:26:10]} 
25. fxg4 { [%clk 0:44:26]}  25... Rxf1+ { [%clk 0:26:22]}  26. Rxf1 { [%clk
0:44:55]}  26... Nf4 { [%clk 0:26:00]}  27. Bxf4 { [%clk 0:44:16]}  27... exf4
{ [%clk 0:26:25]}  28. Qxg6 { [%clk 0:43:31]}  28... Rf8 { [%clk 0:20:38]}  29.
h5 { [%clk 0:40:19]}  29... Qf7 { [%clk 0:20:19]}  30. Qxf7+ { [%clk 0:39:05]} 
30... Rxf7 { [%clk 0:20:45]}  31. Rf3 { [%clk 0:39:23]}  31... Be5 { [%clk
0:19:26]}  32. Kc2 { [%clk 0:28:21]}  32... Rg7 { [%clk 0:19:30]}  33. Kd3 {
[%clk 0:28:42]}  33... Rxg4 { [%clk 0:19:33]}  34. b3 { [%clk 0:25:30]}  34...
c6 { [%clk 0:14:48]}  35. Na7 { [%clk 0:22:01]}  35... axb3 { [%clk 0:14:21]} 
36. axb3 { [%clk 0:22:30]}  36... c5 { [%clk 0:13:21]}  37. Nc8 { [%clk
0:19:16]}  37... Kg7 { [%clk 0:09:02]}  38. Ke4 { [%clk 0:13:24]}  38... Rg3 {
[%clk 0:07:23]}  39. Ne7 { [%clk 0:12:04]}  39... Kf6 { [%clk 0:05:07]}  40.
Nd5+ { [%clk 0:03:04]}  40... Kg5 { [%clk 0:05:16]}  41. h6 { [%clk 0:30:05]} 
41... Kxh6 { [%clk 0:27:38]}  42. Nxf4 { [%clk 0:29:25]}  42... Rxf3  1/2-1/2

[Event "31. DSenEM2019-Gruppe-50"]
[Site "Radebeul"]
[Date "2019.05.03"]
[Round "8.6"]
[White "Bohnstorff, Michael"]
[Black "Pirrot, Dieter"]
[Result "0-1"]
[BlackElo "2334"]
[BlackTeam "SV Hofheim"]
[WhiteElo "2044"]
[WhiteTeam "SC Lüneburg"]

1. d4 e6 2. Nf3 f5 3. g3 Nf6 4. Bg2 Be7 5. c4 d6 6. Nc3 O-O 7. O-O Ne4 8. Qc2
Nxc3 9. Qxc3 a5 10. b3 Nc6 11. Bb2 Bf6 12. Rad1 Qe7 13. e3 e5 14. dxe5 dxe5 15.
Qc1 e4 16. Bxf6 Rxf6 17. Nd4 Nb4 18. a4 c6 19. Qc3 Bd7 20. Rfe1 Rd8 21. Bf1 c5
22. Nb5 b6 23. Rd2 Bxb5 24. Rxd8+ Qxd8 25. cxb5 h6 26. Bc4+ Kh7 27. Kg2 Qe7 28.
Rd1 Rd6 29. Rxd6 Qxd6 30. Be2 Nd3 31. f4 exf3+ 32. Bxf3 Ne5 33. e4 g6 34. exf5
gxf5 35. Be2 Kg6 36. h3 Qd4 37. Qc2 Kg5 38. Qc1+ f4 39. gxf4+ Qxf4 40. Qd1 Qe4+
41. Kh2 Qe3 42. Kg2 Kf4 43. Qf1+ Ke4 44. Qb1+ Kd4 45. Qa1+ Qc3 46. Qg1+ Ke4 47.
Qd1 Ke3 48. Kg3 Qd4 49. Qf1 Qc3 50. Qd1 Ng6 51. Bg4 Qe5+ 52. Kg2 Nf4+ 53. Kf1
Qe4 54. Qe1+ Kd4 55. Qxe4+ Kxe4 56. Kf2 Nd3+ 57. Kg3 Nc1 58. Be6 Kd4 59. Kg4
Kc3 60. Kh5 Nxb3 61. Kxh6 Nd4 62. Bg4 Kd2 63. Bh5 c4 64. Bg6 Nf3  0-1

[Event "31. DSenEM2019-Gruppe-50"]
[Site "Radebeul"]
[Date "2019.05.03"]
[Round "8.7"]
[White "Held, Peter"]
[Black "Dehn, Marcus"]
[Result "0-1"]
[BlackElo "2110"]
[BlackTeam "SV KS Braunschweig"]
[EventDate "2019.??.??"]
[PlyCount "80"]
[WhiteElo "2179"]
[WhiteTeam "SC Kreuzberg"]

1. e4 d5 2. exd5 Qxd5 3. Nc3 Qd8 4. d4 g6 5. Bc4 Bg7 6. Nf3 Nh6 7. h3 Nf5 8. Ne2
Nc6 9. c3 O-O 10. Bf4 Nd6 11. Bb3 Na5 12. Bc2 Bf5 13. O-O Bxc2 14. Qxc2 e6 15.
Ng3 Nc6 16. Rfe1 Ne7 17. Bg5 c6 18. Qd2 Qe8 19. Nh4 Nd5 20. Qe2 b5 21. Rad1 Rc8
22. Qg4 Qd7 23. Nf3 f5 24. Qh4 f4 25. Ne4 Nf5 26. Qg4 h5 27. Ne5 Bxe5 28. Qe2
Bd6 29. g4 f3 30. Qxf3 Nxd4 31. Qd3 Nf3+ 32. Kh1 Nxe1 33. Rxe1 Be7 34. Bh6 hxg4
35. hxg4 Rf7 36. Ng5 Rf6 37. Ne4 Kf7 38. Nxf6 Nxf6 39. Qf3 Qd5 40. Kg2 g5  0-1

[Event "31. DSenEM2019-Gruppe-50"]
[Site "Radebeul"]
[Date "2019.05.03"]
[Round "8.8"]
[White "Redzepovic, Irfan"]
[Black "Valet, Richard"]
[Result "0-1"]
[BlackElo "2051"]
[BlackTeam "Greifswalder SV"]
[EventDate "2019.??.??"]
[PlyCount "74"]
[WhiteElo "2075"]
[WhiteTeam "SW Nürnberg Süd"]

1. d4 Nf6 2. Nf3 g6 3. c4 Bg7 4. Nc3 d6 5. e4 O-O 6. Be2 e5 7. O-O Nc6 8. d5 Ne7
9. Nd2 Nd7 10. b4 f5 11. Nb3 Nf6 12. f3 f4 13. c5 g5 14. g4 fxg3 15. hxg3 h6
16. Be3 Ng6 17. Rc1 Ne8 18. Qd2 Nf4 19. Kh2 Qd7 20. g4 h5 21. Bb5 Qf7 22. Bxe8
Qxe8 23. cxd6 cxd6 24. Rg1 hxg4 25. fxg4 Bxg4 26. Rg3 Qh5+ 27. Kg1 Nh3+ 28. Kh2
Rf3 29. Kg2 Raf8 30. Qe1 Nf4+ 31. Bxf4 exf4 32. Rxf3 Bxf3+ 33. Kf2 g4 34. Qg1
Qh4+ 35. Kf1 g3 36. Ke1 Bxc3+ 37. Rxc3 Qh2  0-1

[Event "31. DSenEM2019-Gruppe-50"]
[Site "Radebeul"]
[Date "2019.05.03"]
[Round "8.9"]
[White "Müller, Rudolf"]
[Black "Spiess, Thomas"]
[Result "1-0"]
[BlackElo "1965"]
[BlackTeam "SK Ricklingen"]
[EventDate "2019.??.??"]
[PlyCount "71"]
[WhiteElo "2071"]
[WhiteTeam "Karlsruher SF"]

1. e4 c5 2. Nf3 e6 3. d4 cxd4 4. Nxd4 Nc6 5. Nxc6 bxc6 6. Nc3 e5 7. Bd3 Nf6 8.
O-O d6 9. Kh1 Be7 10. f4 Qb6 11. fxe5 dxe5 12. Qe1 Be6 13. Qg3 Ng4 14. Nd1 h5
15. Ne3 Bc5 16. Nxg4 hxg4 17. c3 O-O-O 18. b4 Be7 19. Qe3 Rh5 20. g3 Kc7 21.
Be2 Rdh8 22. Rf2 g6 23. a4 Rh3 24. Rg2 f5 25. Qxb6+ axb6 26. a5 fxe4 27. axb6+
Kxb6 28. Be3+ Kc7 29. Bf1 Bc8 30. Ra7+ Bb7 31. Rd2 Rxg3 32. Ba6 Rxe3 33. Rxb7+
Kc8 34. Rxe7+ Kb8 35. Rb7+ Ka8 36. Rdd7  1-0

[Event "31. DSenEM2019-Gruppe-50"]
[Site "Radebeul"]
[Date "2019.05.03"]
[Round "8.10"]
[White "Steiger, Michael"]
[Black "Noack, Mario"]
[Result "1-0"]
[BlackElo "1944"]
[BlackTeam "SC Großröhrsdorf"]
[EventDate "2019.??.??"]
[PlyCount "119"]
[WhiteElo "1982"]
[WhiteTeam "SC Kreuzberg"]

1. d4 g6 2. Nf3 Bg7 3. g3 d5 4. Bg2 Nf6 5. c4 c6 6. Qb3 O-O 7. O-O Nbd7 8. cxd5
cxd5 9. Nc3 e6 10. Bf4 b6 11. Bd6 Re8 12. Nb5 Ba6 13. a4 Bxb5 14. axb5 Ne4 15.
Bb4 Bf8 16. e3 f6 17. Rfd1 Kf7 18. Ne1 Bxb4 19. Qxb4 Qe7 20. Nd3 Qxb4 21. Nxb4
Nd6 22. Bf1 Rec8 23. Rdc1 Rxc1 24. Rxc1 Rc8 25. Nc6 g5 26. Rc3 h5 27. Rd3 Rc7
28. Rc3 Rc8 29. Bd3 f5 30. Rc1 Kf6 31. Ra1 Rc7 32. Nxa7 Nc4 33. Nc6 Nxb2 34.
Be2 g4 35. Kf1 e5 36. Ke1 exd4 37. exd4 Ke6 38. Kd2 Kd6 39. Kc3 Nc4 40. Bxc4
dxc4 41. Ra8 Kd5 42. Rd8 Ke4 43. Kxc4 Kf3 44. Rxd7 Rxd7 45. Ne5+ Kxf2 46. Nxd7
f4 47. gxf4 g3 48. hxg3 Kxg3 49. f5 h4 50. f6 h3 51. f7 h2 52. f8=Q h1=Q 53.
Qd6+ Kf2 54. Qf4+ Ke2 55. Nxb6 Qb7 56. Qe5+ Kd2 57. d5 Qh7 58. Kc5 Qc2+ 59.
Nc4+ Kc1 60. Qe1+  1-0

[Event "31. DSenEM2019-Gruppe-50"]
[Site "Radebeul"]
[Date "2019.05.03"]
[Round "8.11"]
[White "Proschmann, Tino"]
[Black "Schulze, Andreas"]
[Result "1/2-1/2"]
[BlackElo "2135"]
[BlackTeam "TG Biberach"]
[EventDate "2019.??.??"]
[PlyCount "86"]
[WhiteElo "2116"]
[WhiteTeam "SC Großröhrsdorf"]

1. e4 e5 2. Nf3 Nf6 3. d4 Nxe4 4. Bd3 Nc6 5. Nxe5 Nc5 6. dxc5 Nxe5 7. Qe2 Qe7 8.
O-O Nxd3 9. Qxd3 d6 10. Nc3 Be6 11. Re1 c6 12. Ne4 dxc5 13. Be3 Rd8 14. Bxc5
Rxd3 15. Bxe7 Rd5 16. Bxf8 Kxf8 17. c4 Rd8 18. Nc5 Bc8 19. Ne4 Be6 20. c5 g6
21. Nd6 Rd7 22. b4 Kg7 23. a3 h5 24. h4 Rb8 25. Rab1 Kf8 26. f3 Bd5 27. Kf2 Re7
28. Rxe7 Kxe7 29. Re1+ Kd7 30. Ke3 b6 31. Kd4 Be6 32. Re3 a5 33. bxa5 bxa5 34.
Nc4 Bxc4 35. Kxc4 Rb2 36. g3 Rc2+ 37. Kd4 Rg2 38. f4 Rg1 39. Kc4 Rc1+ 40. Kd4
Rc2 41. Re1 Rd2+ 42. Kc3 Rd5 43. Kc4 Rd2  1/2-1/2

[Event "31. DSenEM2019-Gruppe-50"]
[Site "Radebeul"]
[Date "2019.05.03"]
[Round "8.12"]
[White "Kaiser, Sebastian"]
[Black "Wunder, Stefan"]
[Result "1/2-1/2"]
[BlackElo "2032"]
[BlackTeam "FC Nordhalben"]
[EventDate "2019.??.??"]
[PlyCount "59"]
[WhiteElo "1920"]
[WhiteTeam "SC Großröhrsdorf"]

1. d4 g6 2. Nf3 Bg7 3. c4 d6 4. Nc3 e5 5. dxe5 dxe5 6. Qxd8+ Kxd8 7. e4 f6 8.
Be3 Be6 9. O-O-O+ Kc8 10. Be2 Nd7 11. Kc2 Ne7 12. Nd5 Nc6 13. a3 Re8 14. Rd2 f5
15. exf5 gxf5 16. Rdd1 f4 17. Bd2 Bf5+ 18. Kb3 Nc5+ 19. Ka2 Bc2 20. Rc1 Bb3+
21. Kb1 a5 22. Bc3 Ne6 23. Nd2 a4 24. Nxb3 axb3 25. Bg4 Kb8 26. Bxe6 Rxe6 27.
Nxf4 exf4 28. Bxg7 Rg6 29. Bc3 Rxg2 30. Rcg1  1/2-1/2

[Event "31. DSenEM2019-Gruppe-50"]
[Site "Radebeul"]
[Date "2019.05.03"]
[Round "8.13"]
[White "Schober, Ralf"]
[Black "Schöttker, Jochen"]
[Result "0-1"]
[BlackElo "1896"]
[BlackTeam "SC Northeim"]
[EventDate "2019.??.??"]
[PlyCount "58"]
[WhiteElo "2070"]
[WhiteTeam "SV Sundern"]

1. d4 e6 2. Nf3 f5 3. g3 Nf6 4. Bg2 d5 5. O-O Bd6 6. b3 O-O 7. c4 c6 8. Ba3 Ne4
9. Ne5 Bxa3 10. Nxa3 Nd7 11. f3 Nxe5 12. dxe5 Qb6+ 13. Kh1 Nf2+ 14. Rxf2 Qxf2
15. cxd5 exd5 16. f4 Be6 17. Nc2 Qb6 18. Nd4 Rfe8 19. g4 fxg4 20. f5 Bxf5 21.
Nxf5 Rxe5 22. Qd3 Rf8 23. e4 dxe4 24. Qc4+ Kh8 25. Nd6 Qc7 26. Rd1 h5 27. Bxe4
Qe7 28. Kg2 h4 29. Rf1 Rxf1  0-1

[Event "31. DSenEM2019-Gruppe-50"]
[Site "Radebeul"]
[Date "2019.05.03"]
[Round "8.14"]
[White "Bigott, Martin"]
[Black "Noldt, Torsten"]
[Result "1/2-1/2"]
[BlackElo "2013"]
[BlackTeam "Elmshorner SC"]
[EventDate "2019.??.??"]
[PlyCount "50"]
[WhiteElo "1782"]
[WhiteTeam "SF Lohmar"]

1. c4 Nf6 2. g3 g6 3. Bg2 Bg7 4. Nc3 c5 5. e3 d6 6. Nge2 O-O 7. O-O Na6 8. d3
Nc7 9. e4 Rb8 10. Bd2 Bd7 11. Rb1 b5 12. b3 a6 13. Qc1 Bg4 14. f3 Be6 15. Bh6
Nd7 16. Bxg7 Kxg7 17. Nf4 Ne5 18. Qe3 Nc6 19. Ncd5 Nd4 20. Nxc7 Qxc7 21. Ne2
Nxe2+ 22. Qxe2 Rb6 23. f4 f6 24. Rbe1 Qd7 25. Rf2 Rfb8  1/2-1/2

[Event "31. DSenEM2019-Gruppe-50"]
[Site "Radebeul"]
[Date "2019.05.03"]
[Round "8.15"]
[White "Lauckner, Jörg"]
[Black "Wulff, Jens-Peter"]
[Result "1-0"]
[BlackElo "1809"]
[BlackTeam "SV Grevesmühlen"]
[EventDate "2019.??.??"]
[PlyCount "73"]
[WhiteElo "1975"]
[WhiteTeam "SG Leipzig"]

1. d4 c6 2. c4 d6 3. Nc3 g6 4. e4 Bg7 5. Nf3 Nh6 6. Be2 f6 7. h3 Na6 8. Be3 Nf7
9. Qa4 Bd7 10. c5 Nc7 11. Qb3 b5 12. d5 a5 13. dxc6 Be6 14. Nd5 Bxd5 15. exd5
a4 16. Qd3 O-O 17. Rd1 Ne5 18. Nxe5 fxe5 19. Bg4 b4 20. Bd7 Rb8 21. Bg5 Ne8 22.
h4 Nf6 23. cxd6 exd6 24. h5 e4 25. Qg3 gxh5 26. Qxd6 Qa5 27. O-O Nxd7 28. Qxd7
Rfe8 29. Be7 Kh8 30. c7 Rbc8 31. d6 e3 32. Qxe8+ Rxe8 33. d7 Rg8 34. d8=Q e2
35. Qxg8+ Kxg8 36. c8=Q+ Kf7 37. Qc4+  1-0

[Event "31. DSenEM2019-Gruppe-50"]
[Site "Radebeul"]
[Date "2019.05.03"]
[Round "8.16"]
[White "Wagner, Bernd"]
[Black "Kebbedies, Frank"]
[Result "1/2-1/2"]
[BlackElo "1740"]
[BlackTeam "Rastede"]
[EventDate "2019.??.??"]
[PlyCount "106"]
[WhiteElo "1948"]
[WhiteTeam "Aufbau Bernburg"]

1. d4 Nf6 2. Nf3 d5 3. Bf4 c5 4. e3 Nc6 5. c3 e6 6. Be2 Bd6 7. Bg3 Ne4 8. Nbd2
Nxg3 9. hxg3 cxd4 10. exd4 Qe7 11. Bd3 e5 12. dxe5 Bxe5 13. O-O O-O 14. Re1 Qf6
15. Nxe5 Nxe5 16. Nf3 Nc6 17. Qa4 Be6 18. Re3 a6 19. Rae1 Rad8 20. Nd4 Nxd4 21.
cxd4 Bd7 22. Qb4 Bc6 23. Rf3 Qd6 24. Qxd6 Rxd6 25. Re7 Rd7 26. Rfe3 Rxe7 27.
Rxe7 Re8 28. Rc7 h6 29. Bxa6 bxa6 30. Rxc6 Re1+ 31. Kh2 Re4 32. Rxa6 Rxd4 33.
b3 Kf8 34. g4 Ke7 35. Kg3 Rd2 36. Kf3 d4 37. a4 Rd3+ 38. Ke4 Rxb3 39. Kxd4 Rb4+
40. Kc5 Rxg4 41. g3 f5 42. a5 f4 43. Ra7+ Kf6 44. gxf4 Rxf4 45. Ra8 Kg5 46. Rb8
Rxf2 47. Rb5 Ra2 48. Kb6+ Kf4 49. a6 Rxa6+ 50. Kxa6 g5 51. Rb4+ Kf3 52. Rb3+
Kf2 53. Rb6 g4  1/2-1/2

[Event "31. DSenEM2019-Gruppe-50"]
[Site "Radebeul"]
[Date "2019.05.03"]
[Round "8.17"]
[White "Lehr, Thomas"]
[Black "Siggelkow, Axel"]
[Result "1/2-1/2"]
[BlackElo "1933"]
[BlackTeam "BSV Chemie Radebeul"]
[EventDate "2019.??.??"]
[PlyCount "31"]
[WhiteElo "1902"]
[WhiteTeam "Husumer SV"]

1. e4 c5 2. c3 d6 3. d4 Nf6 4. dxc5 Nc6 5. Qc2 dxc5 6. Nf3 e6 7. h3 Be7 8. Be3
Qc7 9. Be2 O-O 10. O-O b6 11. Re1 Bb7 12. Nbd2 Rfd8 13. Bf1 Rd7 14. a4 Rad8 15.
Nc4 Na5 16. Bg5  1/2-1/2

[Event "31. DSenEM2019-Gruppe-50"]
[Site "Radebeul"]
[Date "2019.05.03"]
[Round "8.18"]
[White "Krien, Hartmut"]
[Black "Gerks, Joachim"]
[Result "1-0"]
[BlackElo "1777"]
[BlackTeam "SK Norderstedt"]
[EventDate "2019.??.??"]
[PlyCount "63"]
[WhiteElo "1853"]
[WhiteTeam "SK Heidenau"]

1. e4 c5 2. Nc3 g6 3. Nge2 Bg7 4. d3 e6 5. g3 Ne7 6. Bg2 O-O 7. O-O Nbc6 8. f4
d5 9. h3 b6 10. Kh2 Bb7 11. e5 a6 12. g4 f6 13. exf6 Bxf6 14. Ng3 Nd4 15. Nce2
Qc7 16. c3 Ndc6 17. d4 cxd4 18. cxd4 Na5 19. b3 Rac8 20. Bd2 Nac6 21. Rc1 Qd6
22. Bc3 a5 23. Qd3 Nb8 24. Qe3 Ba6 25. Rfe1 Bh4 26. Ng1 Rc6 27. Nf3 Bf6 28. Ne5
Bxe5 29. fxe5 Qc7 30. Bd2 Qd7 31. Qg5 Rfc8 32. Nh5  1-0

[Event "31. DSenEM2019-Gruppe-50"]
[Site "Radebeul"]
[Date "2019.05.03"]
[Round "8.19"]
[White "Becker, Michael"]
[Black "Metz, Hartmut"]
[Result "1-0"]
[BlackElo "2251"]
[BlackTeam "SG Kuppenheim"]
[EventDate "2019.??.??"]
[PlyCount "83"]
[WhiteElo "2272"]
[WhiteTeam "USV Halle"]

1. e4 c6 2. d4 d5 3. e5 Bf5 4. Nf3 e6 5. Bd3 Ne7 6. O-O Nd7 7. Na3 Bxd3 8. Qxd3
Nf5 9. c4 Be7 10. Bd2 O-O 11. cxd5 cxd5 12. Rac1 Qb6 13. Rc3 Rfc8 14. Rb3 Qc6
15. g4 Nh6 16. Rc1 Qa4 17. Bxh6 gxh6 18. Rxc8+ Rxc8 19. Rxb7 a6 20. h4 Bf8 21.
Qb3 Rc1+ 22. Kg2 Qc6 23. Ra7 Bg7 24. Qd3 Nb8 25. Qe3 Ra1 26. Qf4 Qe8 27. g5 h5
28. Qe3 Qc6 29. Qb3 Nd7 30. Nc2 Rb1 31. Ne3 Nf8 32. Qb8 Rc1 33. Ra8 Rb1 34. Ra7
Rc1 35. Nf1 Qb5 36. Qxb5 axb5 37. Ra8 b4 38. Ng3 Rc2 39. b3 h6 40. Nxh5 Kh7 41.
Nxg7 Kxg7 42. gxh6+  1-0

[Event "31. DSenEM2019-Gruppe-50"]
[Site "Radebeul"]
[Date "2019.05.03"]
[Round "8.20"]
[White "Pichler, Manfred"]
[Black "Seils, Ralf"]
[Result "0-1"]
[BlackElo "1954"]
[BlackTeam "SF Nordost Berlin"]
[EventDate "2019.??.??"]
[PlyCount "86"]
[WhiteElo "2017"]
[WhiteTeam "USV Halle"]

1. e4 c5 2. Nf3 Nc6 3. Bb5 g6 4. O-O Bg7 5. Re1 e5 6. b4 Nd4 7. Nxd4 cxd4 8. c3
Ne7 9. Bb2 O-O 10. cxd4 exd4 11. Na3 d5 12. Rc1 dxe4 13. Rxe4 Bf5 14. Re1 Nd5
15. Qb3 Be6 16. Bc4 Qg5 17. Qf3 Nxb4 18. d3 Bd5 19. Bxd5 Qxd5 20. Qe2 Nxa2 21.
Rc4 b5 22. Rc7 a5 23. Nc2 Rac8 24. Rxc8 Rxc8 25. Nxd4 Bxd4 26. Bxd4 Qxd4 27.
Qxa2 Qc3 28. Qe2 b4 29. h4 h5 30. Qe7 Qxd3 31. g4 hxg4 32. h5 g3 33. Re3 gxf2+
34. Kxf2 Qc2+ 35. Re2 Qf5+ 36. Kg2 Qxh5 37. Rd2 Qg4+ 38. Kf2 Qf4+ 39. Ke2 Qh2+
40. Kd1 Qg1+ 41. Ke2 Qg2+ 42. Ke3 Rc3+ 43. Rd3 Qg3+  0-1

[Event "31. DSenEM2019-Gruppe-50"]
[Site "Radebeul"]
[Date "2019.05.03"]
[Round "8.21"]
[White "Sand, Rosemarie"]
[Black "Steinert, Frank"]
[Result "0-1"]
[BlackElo "1960"]
[BlackTeam "SV Dresden-Leuben"]
[EventDate "2019.??.??"]
[PlyCount "54"]
[WhiteElo "1819"]
[WhiteTeam "SF Pfullingen"]

1. d4 Nf6 2. c4 c5 3. Nf3 cxd4 4. Nxd4 e5 5. Nb5 d5 6. cxd5 Bc5 7. e3 O-O 8.
N5c3 e4 9. Be2 Qe7 10. O-O Rd8 11. Qb3 Nbd7 12. Rd1 Ne5 13. Nd2 Bf5 14. Nf1 a6
15. a4 Bd6 16. Ng3 Bg6 17. Bd2 h5 18. Rac1 h4 19. Nf1 h3 20. Ng3 hxg2 21. Kxg2
Neg4 22. Bxg4 Nxg4 23. h3 Nxf2 24. Rf1 Nd3 25. Ra1 Bxg3 26. Kxg3 Bh5 27. Rg1
Qe5+  0-1

[Event "31. DSenEM2019-Gruppe-50"]
[Site "Radebeul"]
[Date "2019.05.03"]
[Round "8.22"]
[White "John, Bernd"]
[Black "Eilmes, Franco"]
[Result "1-0"]
[BlackElo "1778"]
[BlackTeam "SV Traktor Priestewitz"]
[EventDate "2019.??.??"]
[PlyCount "56"]
[WhiteElo "1796"]
[WhiteTeam "SC Sonthofen"]

1. d4 Nf6 2. Bf4 g6 3. Nc3 Bg7 4. e4 d6 5. Nf3 O-O 6. Qd2 c6 7. Bh6 Na6 8. Bxg7
Kxg7 9. Bxa6 bxa6 10. O-O Rb8 11. Rab1 a5 12. h3 Ba6 13. Rfd1 Qc7 14. Qe3 Nd7
15. b3 c5 16. Nd5 Qd8 17. c4 e6 18. Nc3 Rb6 19. Na4 Rc6 20. dxc5 Nxc5 21. Nxc5
Rxc5 22. Qd4+ Kg8 23. Qxd6 Qb6 24. Qe7 Rc7 25. Qf6 Bb7 26. Rd4 a4 27. Rbd1 axb3
28. axb3 Qxb3  1-0

[Event "31. DSenEM2019-Gruppe-50"]
[Site "Radebeul"]
[Date "2019.05.03"]
[Round "8.23"]
[White "Reitmaier, Adolf"]
[Black "Weser, Dietmar"]
[Result "1/2-1/2"]
[BlackElo "1566"]
[BlackTeam "SV Traktor Priestewitz"]
[EventDate "2019.??.??"]
[PlyCount "32"]
[WhiteElo "1476"]
[WhiteTeam "vereinslos"]

1. c4 c5 2. Nc3 e6 3. e4 Nc6 4. g3 d6 5. Bg2 Nf6 6. Nge2 Be7 7. O-O O-O 8. d4
cxd4 9. Nxd4 Nxd4 10. Qxd4 e5 11. Qd3 Bd7 12. b3 Qc8 13. Nd5 Nxd5 14. Qxd5 Be6
15. Qd1 Rd8 16. Qh5 Bg4  1/2-1/2